Weather analysis and forecasting : applying satellite water vapor imagery and potential vorticity analysis
Saved in:
| Main Author: | |
|---|---|
| Other Authors: | |
| Format: | Book |
| Language: | English |
| Published: |
Amsterdam; Boston :
Elsevier,
c2005
|
| Subjects: | |
| Tags: |
Add Tag
No Tags, Be the first to tag this record!
|
MARC
| LEADER | 00000nam a2200000 i 4500 | ||
|---|---|---|---|
| 001 | 1/48570 | ||
| 008 | 070718s2005 eng d | ||
| 020 | |a 0-12-619262-6 | ||
| 035 | |l 10088952 | ||
| 040 | |a GR-MY-UA |b gre |e aacr | ||
| 041 | 0 | |a eng | |
| 082 | 0 | |a 551.6354 |2 (22) | |
| 100 | 1 | |a Santurette, Patrick. | |
| 245 | 1 | 0 | |a Weather analysis and forecasting : |b applying satellite water vapor imagery and potential vorticity analysis / |c Patrick Santurette, Christo G. Georgiev |
| 260 | |a Amsterdam; Boston : |b Elsevier, |c c2005 | ||
| 300 | |a xiv, 179 σ.; |b εικ. (μερ. έγχρ.), χάρτες (μερ. έγχρ.); |c 28 εκ. | ||
| 504 | |a Βιβλιογραφία: σ. 171-172 | ||
| 504 | |a Ευρετήριο: σ. 173-179 | ||
| 650 | 0 | 0 | |a Satellite meteorology. |
| 650 | 0 | 0 | |a Water vapor, Atmospheric. |
| 650 | 0 | 0 | |a Weather forecasting. |
| 700 | 1 | |a Georgiev, Christo G. | |
| 852 | |a INST |b LESVOS |e 20070718 |h 551.6354 SAN |p 005100041419 |q 005100041419 |t BK |y 0 | ||
| 901 | |a BIBL1-2007-2 | ||
| 909 | |a Λ |b 135889 | ||
| 922 | |a 1ΕΛΗ |b 200706 |c ΕΠΕΑΕΚ2/ΤΓ |d ΕΛΕΥΘΕΡΟΥΔΑΚΗΣ | ||
| 970 | |a ΚΑΡΑ |b ΓΙΑΣΕΜΗ |z 2007/07/18 | ||